• 首页
  • 本馆介绍
  • 公告通知
  • 最新文献
  • 馆藏检索
  • 电子资源
  • 读者荐购
  • 参考咨询
  • CALIS
  • 我的图书馆
  • 登录
  • 详细信息显示
  • 放入我的书架
  • 预约/预借图书
  • 作者相关作品
  • 分类相关作品
  • 丛书相关作品
  • 出版社相关作品

书目信息

  • 表格格式
  • 工作单格式
  • 卡片格式
题名:
中国流行语2006发布榜
    
 
作者: 周勇闯 主编 ;文汇新民联合报业集团新闻信息中心 编选
分册:  
出版信息: 上海   文汇出版社  2006.05
页数: 218页
开本: 23cm
丛书名:
单 册:
中图分类: H136.4
科图分类:
主题词: 汉语--han yu--社会习惯语--汇编
电子资源:
ISBN: 7-80676-862-9
 
 
 
 
 
000 00981nam0 2200229 450
001 012006372515
005 20061219144154.37
010    @a7-80676-862-9@dCNY25.00
100    @a20061123d2006 km y0chiy0120 ea
101 0  @achi
102    @aCN@b310000
105    @aa z 000yy
200 1  @a中国流行语2006发布榜@Azhong guo liu xing yu 2006 fa bu bang@f周勇闯主编@Fzhou yong chuang zhu bian@g文汇新民联合报业集团新闻信息中心编选@Gwen hui xin min lian he bao ye ji tuan xin wen xin xi zhong xin bian xuan
210    @a上海@c文汇出版社@d2006.05
215    @a218页@c图@d23cm
330    @a本书分为18章,汇集了时政类、国际类、财经类、旅游类、社会类、房产类、汽车类、健康类、出版类等方面的流行语。
606 0  @a汉语@Ahan yu@x社会习惯语@j汇编
690    @aH136.4@v4
701  0 @a周勇闯@Azhou yong chuang@4主编
712 02 @a文汇新民联合报业集团新闻信息中心@Awen hui xin min lian he bao ye ji tuan xin wen xin xi zhong xin@4编选
801  0 @aCN@c20061219
905    @a10447@dH136.4@eZ810
    
    中国流行语2006发布榜/周勇闯主编/文汇新民联合报业集团新闻信息中心编选.-上海:文汇出版社,2006.05
    218页:图;23cm
    
    
    ISBN 7-80676-862-9:CNY25.00
    本书分为18章,汇集了时政类、国际类、财经类、旅游类、社会类、房产类、汽车类、健康类、出版类等方面的流行语。
●
相关链接 在E读中查询图书 在当当中查询图书 在豆瓣中查询图书


正题名:中国流行语2006发布榜     索取号:H136.4/Z810         预约/预借

序号 登录号 条形码 馆藏地/架位号 状态 备注
1 229020   202290207   语言库209/209语言库 73排2列2层/ [索取号:H136.4/Z810] 在馆    
2 229021   202290216   外国语学院资料室/209语言库 73排2列2层/ [索取号:H136.4/Z810] 在馆    
3 229022   202290225   语言库209/209语言库 73排2列2层/ [索取号:H136.4/Z810] 在馆    
河南城建学院图书馆 欢迎您!
大连网信软件有限公司© 版权所有